Do you hear me, honey?: (Record no. 14623)

000 -LEADER
fixed length control field 00665nam a2200205 a 4500
001 - CONTROL NUMBER
control field :::00012455$&:&@@
003 - CONTROL NUMBER IDENTIFIER
control field OkBaRHE
005 - DATE AND TIME OF LATEST TRANSACTION
control field 20000607103419.0
008 - FIXED-LENGTH DATA ELEMENTS--GENERAL INFORMATION
fixed length control field s1976 j 000 0 eng u
040 ## - CATALOGING SOURCE
Transcribing agency
100 1# - MAIN ENTRY--PERSONAL NAME
Personal name Drakeford, John W.
245 10 - TITLE STATEMENT
Title Do you hear me, honey?:
Remainder of title the distortions of family communication.
250 ## - EDITION STATEMENT
Edition statement 1st ed.
260 ## - PUBLICATION, DISTRIBUTION, ETC. (IMPRINT)
Place of publication, distribution, etc New York, NY., :
Name of publisher, distributor, etc Harper & Row
Date of publication, distribution, etc c1976
300 ## - PHYSICAL DESCRIPTION
Extent xi, 176 p. : illus. ;
Dimensions 21 cm.
650 ## - SUBJECT ADDED ENTRY--TOPICAL TERM
Topical term or geographic name as entry element Communication in the Family
650 ## - SUBJECT ADDED ENTRY--TOPICAL TERM
Topical term or geographic name as entry element Interpersonal Communication
942 ## - ADDED ENTRY ELEMENTS (KOHA)
Source of classification or shelving scheme
Koha item type Books
Copies
Koha item type Permanent Location Price effective from Shelving location Not for loan Lost status Date acquired Date last seen Barcode Source of classification or shelving scheme Withdrawn status Damaged status Full call number Copy number
BooksRHEMA Bible Training College2010-04-14General Stacks  2010-04-142010-04-1412455   HQ 734 .D7961